Fizika tverdogo tela Vyp. 1.

Uložené v:
Podrobná bibliografia
Médium: Kniha
Jazyk:Russian
Vydané: Charkov : Izdatel´stvo Char'kovskogo Universiteta, 1970.
Vydanie:1. izd.
ISBN: (brož.)
Fyzický popis: 76 s.
Tagy: Pridať tag
Žiadne tagy, Buďte prvý kto otaguje tento záznam!

MARC

LEADER 00000cam a22000007a 4500
001 000488331
005 20150814160743.0
008 970814s1970 un e 0 0 0 rus d
020 |a (brož.)  |c Kčs 8,50 
040 |a SVKKK  |b slo  |c SVKKK  |e AACR2 
041 0 |a rus 
044 |a un  |c UA 
245 0 0 |a Fizika tverdogo tela  |n Vyp. 1.  |c pod redakcijej D. I. Rešetnokovej. 
250 |a 1. izd. 
260 |a Charkov :  |b Izdatel´stvo Char'kovskogo Universiteta,  |c 1970. 
300 |a 76 s. 
700 1 |a Rešetnokova, D. I.  |4 red 
910 |a svkkk 
998 |a BK 
090 |g SCKHL  |k Sklad Pribinova 1. posch.  |a IV.69019  |j 443784  |i 488331-10  |s Absenčne